The four Brontës : (Record no. 24084)
[ view plain ]
| 000 -LEADER | |
|---|---|
| fixed length control field | 00874cam a22002651 4500 |
| 001 - CONTROL NUMBER | |
| control field | 24084 |
| 003 - CONTROL NUMBER IDENTIFIER | |
| rucl marc code | BD-RjUL |
| 005 - DATE AND TIME OF LATEST TRANSACTION | |
| control field | 20211209001016.0 |
| 008 - FIXED-LENGTH DATA ELEMENTS--GENERAL INFORMATION | |
| fixed length control field | 140312s19501949enkcfh b 001 0 eng |
| 035 ## - SYSTEM CONTROL NUMBER | |
| System control number | (BD-RjUL)24150 |
| System control number | (OCoLC)637813 |
| 040 ## - CATALOGING SOURCE | |
| Original cataloging agency | DLC |
| Transcribing agency | OKentU |
| Modifying agency | ICIU |
| -- | DLC |
| Language of cataloging | eng |
| 041 ## - LANGUAGE CODE | |
| Language code of text/sound track or separate title | eng |
| 082 ## - DEWEY DECIMAL CLASSIFICATION NUMBER | |
| Classification number | 928.2 |
| Author mark and year | HAF 1950 |
| 100 1# - MAIN ENTRY--PERSONAL NAME | |
| Personal name | Hanson, Lawrence. |
| 9 (RLIN) | 60829 |
| 245 14 - TITLE STATEMENT | |
| Title | The four Brontës : |
| Remainder of title | the lives and works of Charlotte, Branwell, Emily, and Anne Brontë / |
| Statement of responsibility, etc. | by Lawrence and E. M. Hanson. |
| 260 ## - PUBLICATION, DISTRIBUTION, ETC. (IMPRINT) | |
| Place of publication, distribution, etc. | London : |
| -- | New York : |
| Name of publisher, distributor, etc. | Oxford University Press, |
| Date of publication, distribution, etc. | C1949 [impression 1950] |
| 300 ## - PHYSICAL DESCRIPTION | |
| Pagination | xi, 414 p. : |
| Illustrations | plates, ports., facsims. ; |
| Size | 22 cm. |
| 504 ## - BIBLIOGRAPHY, ETC. NOTE | |
| Bibliography, etc | includes index |
| 600 30 - SUBJECT ADDED ENTRY--PERSONAL NAME | |
| Personal name | Brontë family. |
| 700 1# - ADDED ENTRY--PERSONAL NAME | |
| Personal name | Hanson, Elisabeth M., |
| Relator term | joint author. |
| 942 ## - ADDED ENTRY ELEMENTS (KOHA) | |
| Source of classification or shelving scheme | Dewey Decimal Classification |
| Koha item type | Books |
| Lost status | Source of classification or shelving scheme | Damaged status | Not for loan | Collection code | Permanent Location | Current Location | Shelving location | Date acquired | Source of acquisition | Cost, normal purchase price | Total Checkouts | Full call number | Date last seen | Copy number | Koha item type |
|---|---|---|---|---|---|---|---|---|---|---|---|---|---|---|---|
| Dewey Decimal Classification | Added to bundle | Non-fiction | Central Library, University of Rajshahi | Central Library, University of Rajshahi | Reading Room | 17/01/1955 | O. U. P. | 14.10 | 928.2 HAF 1950 | 12/03/2014 | C-1 | Books |